Welcome to the official i-CATS University College Library system. If you are a new user, please contact our librarian for registration.

Intermediate microeconomics / (Record no. 2902)

MARC details
000 -LEADER
fixed length control field 00941nam a2200289 a 4500
001 - CONTROL NUMBER
control field 1180168
003 - CONTROL NUMBER IDENTIFIER
control field OSt
005 - DATE AND TIME OF LATEST TRANSACTION
control field 20260514112500.0
008 - FIXED-LENGTH DATA ELEMENTS--GENERAL INFORMATION
fixed length control field 970402s1998 ohua b 001 0 eng
010 ## - LIBRARY OF CONGRESS CONTROL NUMBER
LC control number 97015185
020 ## - INTERNATIONAL STANDARD BOOK NUMBER
International Standard Book Number 0538845821
Terms of availability hardcover
020 ## - INTERNATIONAL STANDARD BOOK NUMBER
International Standard Book Number 9780538845823
Terms of availability (hc)
040 ## - CATALOGING SOURCE
Original cataloging agency DLC
Transcribing agency DLC
Modifying agency DLC
-- iCATSUC
Language of cataloging eng
050 00 - LIBRARY OF CONGRESS CALL NUMBER
Classification number HB172
Item number .N43 1998
082 00 - DEWEY DECIMAL CLASSIFICATION NUMBER
Classification number 338.5
Edition number 21
Item number /NEI
100 1# - MAIN ENTRY--PERSONAL NAME
Personal name Neilson, William S.,
Dates associated with a name 1961-
Relator term author.
245 10 - TITLE STATEMENT
Title Intermediate microeconomics /
Statement of responsibility, etc. William S. Neilson, & Harold Winter.
260 ## - PUBLICATION, DISTRIBUTION, ETC.
Place of publication, distribution, etc. Cincinnati, Ohio :
Name of publisher, distributor, etc. South-Western College Pub.,
Date of publication, distribution, etc. 1998.
300 ## - PHYSICAL DESCRIPTION
Extent xxiii, 456 p. :
Other physical details ill. (some col.) ;
Dimensions 24 cm.
336 ## - CONTENT TYPE
Content type term text
Content type code txt
Source rdacontent
337 ## - MEDIA TYPE
Media type term unmediated
Media type code n
Source rdamedia
338 ## - CARRIER TYPE
Carrier type term volume
Carrier type code nc
Source rdacarrier
504 ## - BIBLIOGRAPHY, ETC. NOTE
Bibliography, etc. note Includes bibliographical references and index.
650 #0 - SUBJECT ADDED ENTRY--TOPICAL TERM
Topical term or geographic name entry element Microeconomics.
700 1# - ADDED ENTRY--PERSONAL NAME
Personal name Winter, Harold,
Dates associated with a name 1960-
Relator term author.
942 ## - ADDED ENTRY ELEMENTS (KOHA)
Source of classification or shelving scheme Library of Congress Classification
Koha item type Books
Suppress in OPAC No
Holdings
Withdrawn status Lost status Source of classification or shelving scheme Damaged status Not for loan Collection Home library Current library Shelving location Date acquired Cost, normal purchase price Total checkouts Full call number Barcode Date last seen Copy number Price effective from Koha item type
    Library of Congress Classification     Open Collection Dato Maznah Library & Information Services Dato Maznah Library & Information Services H Social Sciences 14/05/2026 68.00   HB172 .N43 1998 1002898 14/05/2026 1 14/05/2026 Books
Copyright CITM & Maznah Library, i-CATS University College 2025. All Rights Reserved